Science Quiz

Random Science or Elements Quiz

Unfamous Elements Quiz Stats

Quiz Updated Aug 21, 2012

Challenge
Share
Tweet
Embed
Score 0/54 Timer 06:00
0 Plays Today
Element % Correct
Hydrogen
91.7%
Oxygen
89.3%
Gold
85.8%
Silver
84.1%
Carbon
80%
Nitrogen
74.7%
Boron
74.1%
Neon
72%
Argon
67.3%
Iron
67.2%
Lithium
67.1%
Sodium
64.5%
Xenon
64.3%
Chlorine
63.1%
Potassium
63.1%
Lead
62.7%
Tin
61.4%
Radon
55%
Aluminum
54.3%
Fluorine
54.2%
Sulfur
52.9%
Iodine
52.7%
Krypton
51.4%
Calcium
50.9%
Zinc
50.8%
Beryllium
46.8%
Platinum
45.6%
Element % Correct
Silicon
44.5%
Phosphorus
44.2%
Arsenic
42.8%
Nickel
42.1%
Bromine
42.1%
Tungsten
41.2%
Radium
39.8%
Cesium
33.4%
Barium
32.5%
Antimony
29.9%
Chromium
28.5%
Astatine
26%
Bismuth
24%
Rubidium
23.2%
Zirconium
22.5%
Molybdenum
21.4%
Actinium
20.5%
Osmium
20.3%
Lanthanum
19.4%
Rhodium
16.1%
Technetium
15.1%
Thallium
14.1%
Indium
13.9%
Neodymium
12%
Protactinium
11.1%
Dysprosium
10.2%
Praseodymium
10.2%

You're not logged in!

Compare scores with friends on all Sporcle quizzes.
Sign Up with Email
OR
Log In

You Might Also Like...

Show Comments

Extras

Top Quizzes Today


Score Distribution

Your Account Isn't Verified!

In order to create a playlist on Sporcle, you need to verify the email address you used during registration. Go to your Sporcle Settings to finish the process.

Report this User

Report this user for behavior that violates our Community Guidelines.

Details: